Statistics for 50% Single Letter Countries

Click here to take the quiz!

General Stats

  • This quiz has been taken 47,326 times
  • The average score is 3 of 6

Answer Stats

LetterCountry% Correct
IFiji
68%
ACanada
65%
OTogo
64%
APanama
53%
OKosovo
42%
EGreece
36%

Score Distribution

Percentile by Number Answered

Percent of People with Each Score

Your Score History

You have not taken this quiz